Statistics for EPL Team by Sponsor

Click here to take the quiz!

General Stats

  • This quiz has been taken 12 times
  • The average score is 7 of 20

Answer Stats

Team Answer % Correct
ArsenalFly Emirates
100%
Manchester UnitedChevrolet
73%
Manchester CityEtihad Airways
73%
Leicester CityKing Power
55%
LiverpoolStandard Chartered
45%
Brighton & Hove AlbionAmerican Express
45%
ChelseaYokohama Tires
36%
BournemouthMansion 88
36%
Tottenham HotspurAIA
36%
EvertonSport Pesa
27%
BurnleyLove Bet
27%
SouthamptonLD Sports
27%
Aston VillaW88
18%
Norwich CityDafabet
18%
WatfordSportsBet
18%
Crystal PalaceManBet X
9%
Newcastle UnitedFun88
9%
West Ham UnitedBetway
9%
Sheffield UnitedUnion Standard Group
0%

Score Distribution

Percentile by Number Answered

Percent of People with Each Score

Your Score History

You have not taken this quiz